Abortion a crowded world : (Record no. 124076)
[ view plain ]
| 000 -LEADER | |
|---|---|
| fixed length control field | 00756nam a22002297a 4500 |
| 005 - DATE AND TIME OF LATEST TRANSACTION | |
| control field | 20170124105934.0 |
| 010 ## - LIBRARY OF CONGRESS CONTROL NUMBER | |
| LC control number | 999232 |
| 020 ## - INTERNATIONAL STANDARD BOOK NUMBER | |
| Terms of availability | 00.00 |
| International Standard Book Number | 0043010660 |
| 035 ## - SYSTEM CONTROL NUMBER | |
| System control number | 999232 |
| 037 ## - SOURCE OF ACQUISITION | |
| Source of stock number/acquisition | Cen Lib/Ret |
| 040 ## - CATALOGING SOURCE | |
| Original cataloging agency | DPL |
| Language of cataloging | EN |
| 082 ## - DEWEY DECIMAL CLASSIFICATION NUMBER | |
| Classification number | 301.424 |
| Item number | CHA |
| 100 ## - MAIN ENTRY--PERSONAL NAME | |
| Personal name | Chandrasekhar, S. |
| 9 (RLIN) | 9169 |
| 245 ## - TITLE STATEMENT | |
| Title | Abortion a crowded world : |
| Statement of responsibility, etc | by S. Chandrasekhar |
| Remainder of title | the problem of abortion with special reference to India / |
| 260 ## - PUBLICATION, DISTRIBUTION, ETC. (IMPRINT) | |
| Place of publication, distribution, etc | London |
| Name of publisher, distributor, etc | George Allen nand Unwin |
| Date of publication, distribution, etc | 1974 |
| 270 ## - ADDRESS | |
| Address | Ruskin House, Museum Street |
| City | London |
| 300 ## - PHYSICAL DESCRIPTION | |
| Extent | 184p. |
| Dimensions | 22cm(Hb) |
| 500 ## - GENERAL NOTE | |
| General note | Includes bibliographical references and index |
| 650 ## - SUBJECT ADDED ENTRY--TOPICAL TERM | |
| Topical term or geographic name as entry element | Birth control -- India |
| 9 (RLIN) | 9170 |
| 650 ## - SUBJECT ADDED ENTRY--TOPICAL TERM | |
| Topical term or geographic name as entry element | India -- Population |
| 9 (RLIN) | 9171 |
| 942 ## - ADDED ENTRY ELEMENTS (KOHA) | |
| Source of classification or shelving scheme | Dewey Decimal Classification |
| Koha item type | English Books |
| Classification part | 301.424 |
| Call number suffix | CHA |
| Withdrawn status | Lost status | Damaged status | Not for loan | Home library | Current library | Date acquired | Source of acquisition | Cost, normal purchase price | Total Checkouts | Full call number | Barcode | Date last seen | Copy number | Cost, replacement price | Price effective from | Koha item type |
|---|---|---|---|---|---|---|---|---|---|---|---|---|---|---|---|---|
| Central Library | Central Library | 13/06/2015 | Cen Lib/Ret | 0.00 | 301.424 CHA | 999232 | 13/06/2015 | 1 | 0.00 | 13/06/2015 | English Books |
